Quiz télé-réalité - Statistiques

Statistiques générales
  • Ce quiz a été pris 332 fois
  • Le résultat moyen est 5 sur 23
Statistiques - réponses
Hint Réponse % Correct
A les Anges
92%
S Secret Story
58%
V La villa des coeurs brisés
44%
S La star academy
28%
C Les Cinquantes
27%
A Les Apprentis aventuriers
25%
4 4 mariages pour une lune de miel
23%
T L'île de la tentation
22%
B La bataille des couples
20%
Q Qui veut épouser mon fils
19%
P The Power
19%
R Les Marseillais VS Le reste du monde
18%
A l'amour est dans le pré
14%
V les Vacances des Anges
14%
L Love Island
12%
J JLC family
8%
B Le bachelor
7%
P Les princes et les princesses de l'amour
5%
N Nouvelle star
5%
C Les Chtits
4%
M Marié au premier regard
4%
B La Bataille des Clans
3%
M Les Marseilais
3%
Aucun quiz correspondant
Distribution des résultats
% des personnes avec chaque résultat
Percentile par nombre de réponses
Votre historique - résultats
Vous n’avez pas pris ce quiz